000 00548nam a2200181Ia 4500
003 GCL
008 140319s9999 xx 000 0 ara d
040 _aGCL /
_cGCL
082 0 4 _a346.04
_bع ق
100 1 _aعلى عبدالواحد وافى
245 1 0 _aقصة الملكية فى العالم /
_cعلى عبدالواحد وافى
260 _a[S.N] :
_bدار نهضة مصر للطبع والنشر ،
_c1987
300 _a155 ص
490 _a
650 0 4 _aالقانون
650 0 4 _aقانون الملكية
942 _2ddc
_cBK
999 _c31886
_d31886